000 01275nam0a22002531 4500
001 rc\612438
005 20250621183219.0
035 _a(NLR Aleph) 005855969
090 _a5828104
_c5828104
100 _a20031121d1986 |||y0rusy50 ca
101 0 _arus
102 _aRU
105 _aa |||||||||
200 1 _aСовременные методы и средства измерения технологических параметров производства БВК из природного газа
_f[К. т. н. К.В. Шипков]
210 _aМ.
_cВНИИСЭНТИ
_d1986
215 _a[1], 50 с.
_cил.
_d20
225 1 _aОбзорная информация
_fМ-во мед. и микробиол. пром-сти СССР, ВНИИ систем упр., экон. исслед. и НТИ мед. и микробиол. пром-сти
_hСерия X
_iЗащита окружающей среды, очистка выбросов, утилизация отходов, промышленная санитария и техника безопасности
320 _aБиблиогр.: с. 47-50
333 _aДСП. Экз. № 07
801 0 _aRU
_bNLR
_gpsbo
801 1 _aRU
_bELAR
_2rusmarc
852 _aNLR
_j88-50К/1601
942 _cBOOK
980 _aNB